Pays commençant par la lettre P - Statistiques

Statistiques générales
  • Ce quiz a été pris 327 fois
  • Le résultat moyen est 8 sur 11
Statistiques - réponses
Pays % Correct
Pakistan
93%
Pérou
84%
Portugal
84%
Pologne
80%
Panama
77%
Paraguay
72%
Papouasie-Nouvelle-Guinée
67%
Palaos
66%
Philippines
66%
Pays-Bas
47%
Palestine
41%
Aucun quiz correspondant
Distribution des résultats
% des personnes avec chaque résultat
Percentile par nombre de réponses
Votre historique - résultats
Vous n’avez pas pris ce quiz